| 000 | 00610nam a22001577a 4500 | ||
|---|---|---|---|
| 003 | OSt | ||
| 005 | 20150916104535.0 | ||
| 008 | 150916b xxu||||| |||| 00| 0 eng d | ||
| 040 | _cRUA | ||
| 082 | _aAGR CHH 2003 B028 Or.1 | ||
| 100 |
_9576 _aCHHIM, CHANBOPHA. |
||
| 245 | _aStudy on evolution of farming on periphary of of kompong thom សិក្សាអំពីបំរែបំរួលប្រព័ន្ធផលិតកម្មកសិកម្មជុំវិញទីក្រុងកំពង់ធំ | ||
| 260 |
_aPhnom Penh _bRUA _c2003 |
||
| 300 |
_a58p. _bill. _c29cm. |
||
| 942 |
_2ddc _cAGR |
||
| 999 |
_c553 _d553 |
||